Statistics for Countries of World Heavyweight Boxing Champions

Click here to take the quiz!

General Stats

  • This quiz has been taken 63 times
  • The average score is 9 of 14

Answer Stats

HintAnswer% Correct
55United States
100%
3Russia
97%
8United Kingdom
97%
1Germany
79%
3Ukraine
79%
2Canada
76%
2Italy
67%
3South Africa
55%
1Sweden
52%
1Nigeria
50%
1New Zealand
41%
1Jamaica
34%
1Belarus
19%
1Uzbekistan
14%

Score Distribution

Percentile by Number Answered

Percent of People with Each Score

Your Score History

You have not taken this quiz